000 00332 a2200157 4500
001 170368
020 _a
040 _cMagnum
100 _aShakespeare, William
240 1 0 _aRomeu e julieta/scipione
_lpor
245 1 0 _aRomeu e julieta/scipione
362 0 _a1899
440 1 _aScipione
697 _aIJ/FICCAO
942 _cBK
999 _c170368
_d170368